| 000 | 01193 a2200265 4500 | ||
|---|---|---|---|
| 001 | 200130754 | ||
| 999 |
_c200130754 _d30333 |
||
| 003 | TR-AnTOB | ||
| 005 | 20250218140634.0 | ||
| 008 | 131025b tu 000 0 | ||
| 040 | _aTR-AnTOB | ||
| 041 | _atur | ||
| 050 |
_aHT179.T9 _bB39 [t.y.] |
||
| 090 | _aHT179 .T9 B39 [t.y.] | ||
| 100 | 1 |
_aBayraktar, Erdoğan _951006 |
|
| 245 | 1 | 0 |
_aŞehirlerin dönüşümü / _cErdoğan Bayraktar. |
| 264 | 1 |
_aİstanbul: _bİmak Ofset, _c[date of publication not identified] |
|
| 300 |
_a171 s. ; _c25 cm. |
||
| 505 | _aKentleşme: mevcut durum ve getirdiği sorunlar -- Dünden bugüne toplu konut idaresi başkanlığı -- TOKİ, Türkiye'ye neler kattı? -- TOKİ'nin güçlü mali yapısı -- Kentsel dönüşüm -- Çevre ve şehircilik bakanlığının kuruluşu ve afet riski altındaki alanların dönüştürülmesi kanunu -- TOKİ, İstanbul ve Marmara -- Kentleşmede yeni yaklaşımlar ve gelecek stratejileri. | ||
| 650 | 0 |
_aKent yenileme _zTürkiye _zİzmir _993896 |
|
| 650 | 0 |
_aUrban renewal _zTurkey _zIzmir _993897 |
|
| 650 | 0 |
_aCity planning _zTurkey _zİzmir _993895 |
|
| 650 | 7 |
_aKent planlama _zTürkiye _zİzmir _2etuturkob _993894 |
|
| 942 | _cBK | ||